The valley of masks / (Record no. 592065)

000 -LEADER
fixed length control field 01029cam a22003497a 4500
001 - CONTROL NUMBER
control field 17231196
003 - CONTROL NUMBER IDENTIFIER
control field NUST
005 - DATE AND TIME OF LATEST TRANSACTION
control field 20221027163024.0
008 - FIXED-LENGTH DATA ELEMENTS--GENERAL INFORMATION
fixed length control field 110812s2011 ii g 000 f eng d
010 ## - LIBRARY OF CONGRESS CONTROL NUMBER
LC control number 2011351267
020 ## - INTERNATIONAL STANDARD BOOK NUMBER
International Standard Book Number 9789350290460
020 ## - INTERNATIONAL STANDARD BOOK NUMBER
International Standard Book Number 9350290464
025 ## - OVERSEAS ACQUISITION NUMBER
Overseas acquisition number I-E-2011-351267; 26-91
035 ## - SYSTEM CONTROL NUMBER
System control number (OCoLC)ocn750364704
035 ## - SYSTEM CONTROL NUMBER
System control number (OCoLC)750364704
037 ## - SOURCE OF ACQUISITION
Stock number Library of Congress -- New Delhi Overseas Office
040 ## - CATALOGING SOURCE
Original cataloging agency DKAGE
Language of cataloging eng
Transcribing agency DKAGE
Modifying agency DLC
042 ## - AUTHENTICATION CODE
Authentication code lccopycat
-- lcode
050 00 - LIBRARY OF CONGRESS CALL NUMBER
Classification number MLCS 2011/01985 (P)
-- PR9499.4.T44
082 04 - DEWEY DECIMAL CLASSIFICATION NUMBER
Classification number 823.92
Author Mark TEJ
100 1# - MAIN ENTRY--PERSONAL NAME
Personal name Tejpal, Tarun J.
9 (RLIN) 81677
245 14 - TITLE STATEMENT
Title The valley of masks /
Statement of responsibility, etc. Tarun J. Tejpal.
260 ## - PUBLICATION, DISTRIBUTION, ETC.
Place of publication, distribution, etc. New Delhi :
Name of publisher, distributor, etc. Fourth Estate,
Date of publication, distribution, etc. 2011.
300 ## - PHYSICAL DESCRIPTION
Extent 330 p. ;
Dimensions 23 cm.
500 ## - GENERAL NOTE
General note Novel.
650 ## - SUBJECT ADDED ENTRY--TOPICAL TERM
Topical term or geographic name entry element Assassins
9 (RLIN) 22539
650 ## - SUBJECT ADDED ENTRY--TOPICAL TERM
Topical term or geographic name entry element Conformity
9 (RLIN) 101568
650 ## - SUBJECT ADDED ENTRY--TOPICAL TERM
Topical term or geographic name entry element Dystopias
9 (RLIN) 101569
906 ## - LOCAL DATA ELEMENT F, LDF (RLIN)
a 7
b cbc
c copycat
d 4
e ncip
f 20
g y-gencatlg
942 ## - ADDED ENTRY ELEMENTS (KOHA)
Source of classification or shelving scheme
Koha item type Book
Holdings
Withdrawn status Lost status Source of classification or shelving scheme Damaged status Not for loan Permanent Location Current Location Shelving location Date acquired Total Checkouts Full call number Barcode Checked out Date last seen Date last checked out Price effective from Koha item type
          Central Library (CL) Central Library (CL) Fiction 10/27/2022 3 823.92 TEJ CL3487 02/09/2025 01/10/2025 01/10/2025 10/27/2022 Book
© 2023 Central Library, National University of Sciences and Technology. All Rights Reserved.